000 00468nmm a2200157Ia 4500
008 251105s9999||||xx |||||||||||||||||und||
020 _a9788499839417
041 _aspa
100 _aMonterrubio, S.G.
245 0 _aLa granja de la font
264 _a[Madrid, España] :
_bVision Libros,
_c[Fecha de publicación no identificada]
300 _a624 páginas
650 _aSpanish narrative
856 _uhttps://public.digitaliapublishing.com/a/89319
942 _cCF
999 _c93272
_d93272